[Event "1.CLZ 15/16,Unichess-GROP Praha"]
[Site "Praha"]
[Date "2015.11.01"]
[Round "2.1"]
[White "Michalik, Peter"]
[Black "Cvek, Robert"]
[Result "1-0"]
[BlackElo "2537"]
[WhiteElo "2578"]
[LiveChessVersion "1.4.6"]

1. d4 {[%clk 1:30:58]} Nf6 {[%clk 1:30:54]} 2. c4 {[%clk 1:31:23]} e6
{[%clk 1:31:20]} 3. Nf3 {[%clk 1:31:47]} d5 {[%clk 1:30:02]} 4. g3
{[%clk 1:31:57]} c6 {[%clk 1:30:07]} 5. Qc2 {[%clk 1:31:17]} Be7 {[%clk 1:29:47]}
6. Bg2 {[%clk 1:31:30]} O-O {[%clk 1:30:11]} 7. O-O {[%clk 1:31:54]} b6
{[%clk 1:30:31]} 8. Rd1 {[%clk 1:29:21]} Bb7 {[%clk 1:28:22]} 9. Ne5
{[%clk 1:28:54]} Nfd7 {[%clk 1:24:26]} 10. Nd3 {[%clk 1:20:23]} a5
{[%clk 1:15:48]} 11. Bf4 {[%clk 1:16:33]} Na6 {[%clk 1:15:28]} 12. Nd2
{[%clk 1:05:42]} Bf6 {[%clk 1:05:05]} 13. Nf3 {[%clk 0:53:52]} c5
{[%clk 0:57:22]} 14. dxc5 {[%clk 0:47:25]} bxc5 {[%clk 0:57:03]} 15. cxd5
{[%clk 0:41:54]} exd5 {[%clk 0:56:23]} 16. Nde5 {[%clk 0:38:21]} Nxe5
{[%clk 0:46:50]} 17. Bxe5 {[%clk 0:38:25]} Re8 {[%clk 0:42:21]} 18. Bxf6
{[%clk 0:30:44]} Qxf6 {[%clk 0:42:45]} 19. Ne1 {[%clk 0:31:10]} Rab8
{[%clk 0:34:00]} 20. e3 {[%clk 0:26:14]} d4 {[%clk 0:28:39]} 21. Bxb7
{[%clk 0:25:51]} Rxb7 {[%clk 0:28:49]} 22. exd4 {[%clk 0:26:14]} cxd4
{[%clk 0:29:11]} 23. a3 {[%clk 0:25:51]} Nc7 {[%clk 0:22:10]} 24. Nd3
{[%clk 0:25:15]} Ne6 {[%clk 0:20:36]} 25. Qa4 {[%clk 0:24:56]} Ra8
{[%clk 0:19:57]} 26. Rac1 {[%clk 0:23:49]} h5 {[%clk 0:19:04]} 27. h4
{[%clk 0:23:55]} Rbb8 {[%clk 0:17:27]} 28. Qc6 {[%clk 0:21:42]} Qf5
{[%clk 0:16:51]} 29. Kg2 {[%clk 0:21:42]} Rc8 {[%clk 0:14:37]} 30. Qf3
{[%clk 0:21:39]} Qb5 {[%clk 0:14:50]} 31. Re1 {[%clk 0:21:49]} Qa6
{[%clk 0:10:19]} 32. Ne5 {[%clk 0:21:16]} Rf8 {[%clk 0:06:44]} 33. Nc6
{[%clk 0:10:52]} Rfe8 {[%clk 0:03:08]} 34. Red1 {[%clk 0:09:45]} Qb5
{[%clk 0:01:32]} 35. b3 {[%clk 0:09:34]} Ra6 {[%clk 0:01:06]} 36. a4
{[%clk 0:07:53]} Qb6 {[%clk 0:01:07]} 37. Re1 {[%clk 0:04:37]} g6
{[%clk 0:01:03]} 38. Ne5 {[%clk 0:04:06]} Qa7 {[%clk 0:01:24]} 39. Nc4
{[%clk 0:03:35]} Qa8 {[%clk 0:01:27]} 40. Re5 {[%clk 0:03:31]} Rc8
{[%clk 0:00:40]} 41. Qxa8 {[%clk 0:02:07]} Raxa8 {[%clk 0:25:17]} 42. Rb5
{[%clk 0:24:56]} d3 {[%clk 0:13:12]} 43. Rd1 {[%clk 0:19:08]} Nd4
{[%clk 0:09:20]} 44. Rd5 {[%clk 0:16:17]} Nxb3 {[%clk 0:07:52]} 45. Nb6
{[%clk 0:16:43]} Rd8 {[%clk 0:08:01]} 46. R5xd3 {[%clk 0:17:03]} Rxd3
{[%clk 0:08:17]} 47. Rxd3 {[%clk 0:17:29]} Nc1 {[%clk 0:07:07]} 48. Rd5
{[%clk 0:09:33]} Ra6 {[%clk 0:06:25]} 49. Rb5 {[%clk 0:06:55]} Nd3
{[%clk 0:04:17]} 50. Kf3 {[%clk 0:06:50]} Kg7 {[%clk 0:03:34]} 51. Ke3
{[%clk 0:06:16]} Nb4 {[%clk 0:03:39]} 52. Kd4 {[%clk 0:06:18]} Nc6+
{[%clk 0:02:04]} 53. Kc5 {[%clk 0:06:06]} Ne5 {[%clk 0:02:20]} 54. Rb3
{[%clk 0:04:29]} Ra7 {[%clk 0:01:55]} 55. Kd6 {[%clk 0:04:21]} Ng4
{[%clk 0:00:40]} 56. f3 {[%clk 0:03:24]} Nh2 {[%clk 0:00:50]} 57. Nc4
{[%clk 0:03:24]} Nf1 {[%clk 0:00:49]} 58. f4 {[%clk 0:03:48]} Ra8
{[%clk 0:01:04]} 59. Kc7 {[%clk 0:02:43]} Kf6 {[%clk 0:01:06]} 60. Kb7
{[%clk 0:02:06]} Rd8 {[%clk 0:01:35]} 61. Nxa5 {[%clk 0:02:07]} Rd4
{[%clk 0:00:38]} 62. Ra3 {[%clk 0:02:34]} Nxg3 {[%clk 0:00:54]} 63. Nc6
{[%clk 0:03:00]} Rxf4 {[%clk 0:00:49]} 64. a5 {[%clk 0:03:26]} Ne4
{[%clk 0:01:04]} 65. Kc7 {[%clk 0:02:37]} Nc5 {[%clk 0:01:27]} 66. Rc3
{[%clk 0:02:45]} Na6+ {[%clk 0:00:38]} 67. Kb6 {[%clk 0:01:35]} Nb4
{[%clk 0:01:07]} 68. Kb5 {[%clk 0:01:58]} Nxc6 {[%clk 0:01:22]} 69. Rxc6+
{[%clk 0:02:23]} Kf5 {[%clk 0:00:40]} 70. Rc5+ {[%clk 0:02:25]} Ke6
{[%clk 0:00:37]} 71. a6 {[%clk 0:01:28]} Rf1 {[%clk 0:01:06]} 72. a7
{[%clk 0:01:01]} Rb1+ {[%clk 0:01:00]} 73. Kc6 {[%clk 0:01:16]} Ra1
{[%clk 0:01:08]} 74. Kb6 {[%clk 0:01:39]} Rxa7 {[%clk 0:00:31]} 75. Kxa7
{[%clk 0:02:05]} f5 {[%clk 0:00:33]} 76. Rc6+ {[%clk 0:02:31]} 1-0

[Event "1.CLZ 15/16,Unichess-GROP Praha"]
[Site "Praha"]
[Date "2015.11.01"]
[Round "2.2"]
[White "Studnicka, Tomas"]
[Black "Bernasek, Jan"]
[Result "0-1"]
[BlackElo "2512"]
[WhiteElo "2376"]
[LiveChessVersion "1.4.6"]

1. d4 {[%clk 1:17:55]} Nf6 {[%clk 1:28:43]} 2. c4 {[%clk 1:18:23]} e6
{[%clk 1:29:06]} 3. Nf3 {[%clk 1:18:45]} c5 {[%clk 1:28:24]} 4. d5
{[%clk 1:18:51]} b5 {[%clk 1:28:32]} 5. Bg5 {[%clk 1:19:17]} exd5
{[%clk 1:28:38]} 6. cxd5 {[%clk 1:19:09]} d6 {[%clk 1:29:01]} 7. e4
{[%clk 1:12:08]} a6 {[%clk 1:25:18]} 8. Nbd2 {[%clk 1:08:21]} Be7
{[%clk 1:24:37]} 9. a4 {[%clk 1:04:59]} Nxd5 {[%clk 1:18:27]} 10. Bxe7
{[%clk 1:05:26]} Qxe7 {[%clk 1:14:48]} 11. axb5 {[%clk 1:05:33]} Nf4
{[%clk 1:05:22]} 12. g3 {[%clk 0:53:20]} Nh3 {[%clk 1:04:42]} 13. Bc4
{[%clk 0:46:15]} O-O {[%clk 1:00:56]} 14. Kf1 {[%clk 0:45:24]} Bb7
{[%clk 0:57:38]} 15. bxa6 {[%clk 0:45:04]} Nxa6 {[%clk 0:56:38]} 16. Kg2
{[%clk 0:44:03]} Ng5 {[%clk 0:55:46]} 17. Nxg5 {[%clk 0:40:38]} Qxg5
{[%clk 0:54:11]} 18. Re1 {[%clk 0:37:53]} Nb4 {[%clk 0:53:15]} 19. Rxa8
{[%clk 0:37:48]} Rxa8 {[%clk 0:50:10]} 20. Kg1 {[%clk 0:37:33]} Qe5
{[%clk 0:33:40]} 21. Nf3 {[%clk 0:30:18]} Qf6 {[%clk 0:32:51]} 22. Nh4
{[%clk 0:20:53]} g6 {[%clk 0:28:50]} 23. Ng2 {[%clk 0:20:49]} Re8
{[%clk 0:22:54]} 24. f3 {[%clk 0:18:21]} Rd8 {[%clk 0:17:58]} 25. Qb3
{[%clk 0:16:03]} d5 {[%clk 0:12:55]} 26. exd5 {[%clk 0:15:43]} Bxd5
{[%clk 0:13:16]} 27. Bxd5 {[%clk 0:14:23]} Rxd5 {[%clk 0:13:22]} 28. Qc3
{[%clk 0:12:09]} Qd4+ {[%clk 0:11:26]} 29. Qxd4 {[%clk 0:11:19]} Rxd4
{[%clk 0:11:45]} 30. Nf4 {[%clk 0:10:51]} Kg7 {[%clk 0:10:32]} 31. Rc1
{[%clk 0:09:56]} g5 {[%clk 0:07:46]} 32. Nh3 {[%clk 0:08:13]} Nd3
{[%clk 0:05:26]} 33. Rc3 {[%clk 0:06:40]} f6 {[%clk 0:04:51]} 34. Nf2
{[%clk 0:05:42]} Ne5 {[%clk 0:04:19]} 35. b3 {[%clk 0:01:29]} Kg6
{[%clk 0:03:41]} 36. g4 {[%clk 0:01:32]} h5 {[%clk 0:02:58]} 37. gxh5+
{[%clk 0:01:59]} Kxh5 {[%clk 0:01:22]} 38. Kg2 {[%clk 0:01:06]} Rd2
{[%clk 0:01:09]} 39. Kg1 {[%clk 0:01:05]} f5 {[%clk 0:00:44]} 40. Rxc5
{[%clk 0:00:52]} Nxf3+ {[%clk 0:00:45]} 41. Kg2 {[%clk 0:29:33]} Nd4
{[%clk 0:24:46]} 42. b4 {[%clk 0:28:43]} Rb2 {[%clk 0:23:23]} 43. b5
{[%clk 0:22:48]} f4 {[%clk 0:20:06]} 44. Kg1 {[%clk 0:20:22]} Kh4
{[%clk 0:15:25]} 45. Rd5 {[%clk 0:17:35]} Rb1+ {[%clk 0:15:41]} 0-1

[Event "1.CLZ 15/16,Unichess-GROP Praha"]
[Site "Praha"]
[Date "2015.11.01"]
[Round "2.3"]
[White "Cernousek, Lukas"]
[Black "Trickov, Vasil"]
[Result "1-0"]
[BlackElo "2332"]
[WhiteElo "2463"]
[LiveChessVersion "1.4.6"]

1. e4 {[%clk 1:30:58]} c5 {[%clk 1:28:21]} 2. Nf3 {[%clk 1:31:24]} d6
{[%clk 1:28:16]} 3. d4 {[%clk 1:31:48]} Nf6 {[%clk 1:28:00]} 4. Nc3
{[%clk 1:32:11]} cxd4 {[%clk 1:27:53]} 5. Nxd4 {[%clk 1:32:38]} a6
{[%clk 1:27:38]} 6. Bg5 {[%clk 1:33:03]} e6 {[%clk 1:22:59]} 7. f4
{[%clk 1:31:25]} Nbd7 {[%clk 1:20:47]} 8. Qf3 {[%clk 1:26:25]} Qc7
{[%clk 1:14:18]} 9. O-O-O {[%clk 1:26:48]} Be7 {[%clk 1:08:30]} 10. Bd3
{[%clk 1:25:01]} h6 {[%clk 1:06:19]} 11. Bh4 {[%clk 1:25:25]} g5 {[%clk 1:03:08]}
12. fxg5 {[%clk 1:25:39]} Ne5 {[%clk 1:03:09]} 13. Qe2 {[%clk 1:25:45]} Nfg4
{[%clk 0:58:35]} 14. Nf3 {[%clk 1:24:01]} Nxf3 {[%clk 0:51:42]} 15. Qxf3
{[%clk 1:24:24]} hxg5 {[%clk 0:50:53]} 16. Bg3 {[%clk 1:03:55]} Ne5
{[%clk 0:48:14]} 17. Bxe5 {[%clk 0:53:11]} dxe5 {[%clk 0:48:23]} 18. Rdf1
{[%clk 0:53:25]} Rf8 {[%clk 0:33:46]} 19. Qh5 {[%clk 0:48:20]} b5
{[%clk 0:22:59]} 20. Rf3 {[%clk 0:36:22]} b4 {[%clk 0:16:48]} 21. Nd1
{[%clk 0:30:02]} Bb7 {[%clk 0:16:09]} 22. Kb1 {[%clk 0:30:08]} Bc6
{[%clk 0:08:11]} 23. Rhf1 {[%clk 0:27:01]} O-O-O {[%clk 0:07:46]} 24. Bxa6+
{[%clk 0:09:40]} Kb8 {[%clk 0:07:48]} 25. Bd3 {[%clk 0:04:51]} f5
{[%clk 0:07:41]} 26. Nf2 {[%clk 0:04:08]} Rh8 {[%clk 0:02:46]} 27. Qg6
{[%clk 0:03:13]} Qd6 {[%clk 0:02:51]} 28. Rh3 {[%clk 0:01:39]} Rhg8
{[%clk 0:01:55]} 29. Qh7 {[%clk 0:02:07]} g4 {[%clk 0:02:11]} 30. Rh6
{[%clk 0:01:32]} f4 {[%clk 0:01:48]} 31. Qf7 {[%clk 0:00:56]} Bd7
{[%clk 0:01:39]} 32. Rd1 {[%clk 0:00:42]} Rdf8 {[%clk 0:01:35]} 33. Qh7
{[%clk 0:01:02]} g3 {[%clk 0:00:37]} 34. hxg3 {[%clk 0:00:42]} fxg3
{[%clk 0:01:01]} 35. Nh3 {[%clk 0:00:46]} Bc8 {[%clk 0:01:02]} 36. Rg6
{[%clk 0:00:40]} Rh8 {[%clk 0:00:36]} 37. Qg7 {[%clk 0:01:08]} Rhg8
{[%clk 0:00:37]} 38. Qh6 {[%clk 0:00:44]} Bd8 {[%clk 0:00:39]} 39. Rxg8
{[%clk 0:00:39]} Rxg8 {[%clk 0:01:07]} 40. Qh7 {[%clk 0:00:50]} Qf8
{[%clk 0:00:45]} 41. Rf1 {[%clk 0:17:47]} Qg7 {[%clk 0:31:13]} 42. Qh5
{[%clk 0:15:58]} Rh8 {[%clk 0:26:24]} 43. Rf7 {[%clk 0:15:02]} Rxh5
{[%clk 0:20:11]} 44. Rxg7 {[%clk 0:15:30]} Bh4 {[%clk 0:19:44]} 45. b3
{[%clk 0:09:25]} Rh8 {[%clk 0:15:08]} 46. Kb2 {[%clk 0:09:37]} Bb7
{[%clk 0:06:49]} 47. a3 {[%clk 0:09:49]} bxa3+ {[%clk 0:04:01]} 48. Kxa3
{[%clk 0:10:17]} Bd8 {[%clk 0:03:06]} 49. Rxg3 {[%clk 0:02:35]} Rh4
{[%clk 0:01:37]} 50. Ng5 {[%clk 0:03:03]} Rf4 {[%clk 0:00:58]} 51. Nxe6
{[%clk 0:01:01]} Be7+ {[%clk 0:01:20]} 52. b4 {[%clk 0:01:20]} Rf6
{[%clk 0:00:43]} 53. Bc4 {[%clk 0:01:08]} Bd6 {[%clk 0:00:34]} 54. Bd5
{[%clk 0:00:44]} 1-0

[Event "1.CLZ 15/16,Unichess-GROP Praha"]
[Site "Praha"]
[Date "2015.11.01"]
[Round "2.4"]
[White "Sharashenidze, Akaki"]
[Black "Simek, Petr"]
[Result "1/2-1/2"]
[BlackElo "2390"]
[WhiteElo "2321"]
[LiveChessVersion "1.4.6"]

1. e4 {[%clk 1:30:56]} c5 {[%clk 1:30:53]} 2. Nf3 {[%clk 1:31:20]} Nc6
{[%clk 1:25:33]} 3. Bb5 {[%clk 1:31:42]} e6 {[%clk 1:25:57]} 4. Bxc6
{[%clk 1:31:23]} bxc6 {[%clk 1:26:20]} 5. O-O {[%clk 1:31:47]} Ne7
{[%clk 1:23:20]} 6. d3 {[%clk 1:27:00]} Ng6 {[%clk 1:12:21]} 7. e5
{[%clk 1:24:01]} Be7 {[%clk 0:38:19]} 8. Nc3 {[%clk 1:14:18]} O-O
{[%clk 0:38:03]} 9. Qe2 {[%clk 1:13:26]} f6 {[%clk 0:37:11]} 10. exf6
{[%clk 1:13:02]} Bxf6 {[%clk 0:37:34]} 11. Ne4 {[%clk 1:13:22]} Be7
{[%clk 0:37:31]} 12. Be3 {[%clk 0:59:52]} d6 {[%clk 0:32:29]} 13. d4
{[%clk 0:50:01]} cxd4 {[%clk 0:32:27]} 14. Nxd4 {[%clk 0:50:21]} Bd7
{[%clk 0:32:43]} 15. Rad1 {[%clk 0:43:00]} d5 {[%clk 0:27:34]} 16. Ng3
{[%clk 0:43:03]} c5 {[%clk 0:15:06]} 17. Nb3 {[%clk 0:42:22]} Qb6
{[%clk 0:15:10]} 18. Rfe1 {[%clk 0:41:55]} Rae8 {[%clk 0:15:06]} 19. f3
{[%clk 0:38:27]} Ne5 {[%clk 0:11:36]} 20. Bc1 {[%clk 0:26:42]} Nc4
{[%clk 0:11:30]} 21. f4 {[%clk 0:26:05]} a5 {[%clk 0:02:09]} 22. a4
{[%clk 0:18:02]} Bf6 {[%clk 0:01:31]} 23. Ne4 {[%clk 0:17:26]} Bxa4
{[%clk 0:00:46]} 24. Nxf6+ {[%clk 0:16:44]} Rxf6 {[%clk 0:01:10]} 25. Qf2
{[%clk 0:15:15]} Bxb3 {[%clk 0:00:34]} 26. cxb3 {[%clk 0:15:41]} Nd6
{[%clk 0:00:43]} 27. Re5 {[%clk 0:12:35]} Ne4 28. Qe3 {[%clk 0:43:40]} 1/2-1/2

[Event "1.CLZ 15/16,Unichess-GROP Praha"]
[Site "Praha"]
[Date "2015.11.01"]
[Round "2.5"]
[White "Vavra, Pavel"]
[Black "Petr, Jan"]
[Result "0-1"]
[BlackElo "2290"]
[WhiteElo "2349"]
[LiveChessVersion "1.4.6"]

1. d4 {[%clk 1:30:18]} d5 {[%clk 1:30:51]} 2. Nf3 {[%clk 1:30:41]} e6
{[%clk 1:31:08]} 3. e3 {[%clk 1:30:59]} f5 {[%clk 1:29:58]} 4. Bd3
{[%clk 1:18:16]} Bd6 {[%clk 1:26:19]} 5. b3 {[%clk 1:16:06]} Qe7 {[%clk 1:22:05]}
6. Bb2 {[%clk 1:02:04]} Nf6 {[%clk 1:21:36]} 7. Nbd2 {[%clk 1:02:26]} O-O
{[%clk 1:19:57]} 8. Ne5 {[%clk 1:01:43]} Nbd7 {[%clk 1:09:25]} 9. O-O
{[%clk 1:01:21]} Bxe5 {[%clk 1:03:08]} 10. dxe5 {[%clk 1:01:40]} Ng4
{[%clk 1:03:10]} 11. Nf3 {[%clk 1:01:25]} b6 {[%clk 1:02:07]} 12. h3
{[%clk 0:33:12]} Nh6 {[%clk 1:02:35]} 13. c4 {[%clk 0:32:37]} Bb7
{[%clk 0:59:00]} 14. Rc1 {[%clk 0:32:56]} c5 {[%clk 0:57:39]} 15. Qe2
{[%clk 0:31:57]} dxc4 {[%clk 0:46:30]} 16. Rxc4 {[%clk 0:16:51]} Rad8
{[%clk 0:39:38]} 17. Ne1 {[%clk 0:15:24]} g5 {[%clk 0:28:06]} 18. f4
{[%clk 0:10:05]} g4 {[%clk 0:27:10]} 19. Rc2 {[%clk 0:09:24]} gxh3
{[%clk 0:24:04]} 20. gxh3 {[%clk 0:06:32]} Qh4 {[%clk 0:22:47]} 21. Nf3
{[%clk 0:06:49]} Qxh3 {[%clk 0:20:04]} 22. Qg2+ {[%clk 0:07:13]} Qxg2+
{[%clk 0:20:24]} 23. Rxg2+ {[%clk 0:07:38]} Ng4 {[%clk 0:17:23]} 24. Rxg4+
{[%clk 0:07:41]} fxg4 {[%clk 0:17:34]} 25. Ng5 {[%clk 0:08:07]} Rfe8
{[%clk 0:11:23]} 26. f5 {[%clk 0:08:25]} exf5 {[%clk 0:06:34]} 27. Bc4+
{[%clk 0:08:31]} Kg7 {[%clk 0:06:57]} 28. Rxf5 {[%clk 0:08:19]} Kg6
{[%clk 0:04:19]} 29. e4 {[%clk 0:04:54]} Bxe4 {[%clk 0:03:07]} 30. Nxe4
{[%clk 0:05:17]} Kxf5 {[%clk 0:03:32]} 31. Nd6+ {[%clk 0:05:41]} Kf4
{[%clk 0:02:06]} 32. Bd5 {[%clk 0:02:35]} Rxe5 {[%clk 0:00:49]} 33. Bc1+
{[%clk 0:02:41]} Kg3 {[%clk 0:01:06]} 0-1

[Event "1.CLZ 15/16,Unichess-GROP Praha"]
[Site "Praha"]
[Date "2015.11.01"]
[Round "2.6"]
[White "Jurasek, Miroslav"]
[Black "Kovar, Vojtech"]
[Result "0-1"]
[BlackElo "2341"]
[WhiteElo "2272"]
[LiveChessVersion "1.4.6"]

1. c4 {[%clk 1:30:57]} Nf6 {[%clk 1:30:33]} 2. g3 {[%clk 1:31:13]} g6
{[%clk 1:30:37]} 3. Bg2 {[%clk 1:31:31]} Bg7 {[%clk 1:31:03]} 4. Nc3
{[%clk 1:30:43]} O-O {[%clk 1:31:31]} 5. d3 {[%clk 1:30:25]} c6 {[%clk 1:22:38]}
6. e4 {[%clk 1:29:46]} d5 {[%clk 1:12:07]} 7. cxd5 {[%clk 1:24:03]} cxd5
{[%clk 1:12:28]} 8. exd5 {[%clk 1:24:16]} Na6 {[%clk 1:12:52]} 9. Nge2
{[%clk 1:24:01]} Bg4 {[%clk 1:13:15]} 10. O-O {[%clk 1:22:10]} Nb4
{[%clk 1:07:08]} 11. Re1 {[%clk 1:11:26]} Nfxd5 {[%clk 1:02:18]} 12. Nxd5
{[%clk 1:10:53]} Nxd5 {[%clk 1:02:46]} 13. Qb3 {[%clk 1:10:34]} Be6
{[%clk 1:03:01]} 14. Qa3 {[%clk 1:07:46]} Qb6 {[%clk 0:51:49]} 15. Rb1
{[%clk 1:05:44]} Rac8 {[%clk 0:40:02]} 16. Nf4 {[%clk 0:48:34]} Bd4
{[%clk 0:26:16]} 17. Rf1 {[%clk 0:38:20]} Bxf2+ {[%clk 0:17:40]} 18. Rxf2
{[%clk 0:26:45]} Rc2 {[%clk 0:17:53]} 19. d4 {[%clk 0:26:26]} Qxd4
{[%clk 0:18:13]} 20. Qf3 {[%clk 0:26:31]} Bg4 {[%clk 0:17:10]} 21. Be3
{[%clk 0:23:34]} Nxe3 {[%clk 0:16:11]} 22. Qe4 {[%clk 0:23:34]} e5
{[%clk 0:11:53]} 23. Nd5 {[%clk 0:21:03]} Rxf2 {[%clk 0:11:01]} 0-1

[Event "1.CLZ 15/16,Unichess-GROP Praha"]
[Site "Praha"]
[Date "2015.11.01"]
[Round "2.7"]
[White "Rehorek, Martin"]
[Black "Postupa, Pavel"]
[Result "1/2-1/2"]
[BlackElo "2226"]
[WhiteElo "2299"]
[LiveChessVersion "1.4.6"]

1. e4 {[%clk 1:29:47]} c5 {[%clk 1:30:25]} 2. Nf3 {[%clk 1:30:12]} d6
{[%clk 1:30:50]} 3. d4 {[%clk 1:30:37]} cxd4 {[%clk 1:31:17]} 4. Nxd4
{[%clk 1:31:01]} Nf6 {[%clk 1:31:44]} 5. Nc3 {[%clk 1:31:24]} a6 {[%clk 1:32:03]}
6. Bg5 {[%clk 1:30:14]} Nbd7 {[%clk 1:32:27]} 7. Qe2 {[%clk 1:27:03]} Qa5
{[%clk 1:31:03]} 8. f4 {[%clk 1:18:07]} h6 {[%clk 1:25:41]} 9. Nb3
{[%clk 1:13:21]} Qc7 {[%clk 1:24:05]} 10. Bh4 {[%clk 1:11:41]} e5
{[%clk 1:22:02]} 11. O-O-O {[%clk 1:04:43]} exf4 {[%clk 1:10:50]} 12. Bxf6
{[%clk 0:43:53]} Nxf6 {[%clk 1:10:50]} 13. Nd5 {[%clk 0:44:16]} Nxd5
{[%clk 1:10:55]} 14. exd5+ {[%clk 0:44:41]} Be7 {[%clk 1:11:06]} 15. Re1
{[%clk 0:44:46]} Bf5 {[%clk 1:08:53]} 16. Nd4 {[%clk 0:42:44]} Bg6
{[%clk 1:06:56]} 17. h4 {[%clk 0:37:34]} h5 {[%clk 1:03:45]} 18. Rh3
{[%clk 0:35:53]} Kf8 {[%clk 1:01:13]} 19. Qf2 {[%clk 0:23:16]} Bf6
{[%clk 0:53:20]} 20. Bd3 {[%clk 0:21:55]} Bxd3 {[%clk 0:37:54]} 21. Rxd3
{[%clk 0:22:06]} Qa5 {[%clk 0:38:00]} 22. Kb1 {[%clk 0:19:35]} Rh6
{[%clk 0:33:55]} 23. Re4 {[%clk 0:14:49]} Rg6 {[%clk 0:30:49]} 24. Nb3
{[%clk 0:14:37]} Qc7 {[%clk 0:30:31]} 25. Rxf4 {[%clk 0:14:54]} Re8
{[%clk 0:30:38]} 26. Nc1 {[%clk 0:10:01]} Qe7 {[%clk 0:30:25]} 27. Qf3
{[%clk 0:10:11]} Qe5 {[%clk 0:30:09]} 28. c3 {[%clk 0:09:43]} Qe1
{[%clk 0:23:40]} 29. g3 {[%clk 0:09:04]} Kg8 {[%clk 0:23:48]} 30. Rf5
{[%clk 0:08:39]} Re5 {[%clk 0:21:10]} 31. Rf4 {[%clk 0:06:55]} Qg1
{[%clk 0:19:13]} 32. Kc2 {[%clk 0:07:02]} Qh2+ {[%clk 0:15:10]} 33. Qf2
{[%clk 0:06:23]} Qh1 {[%clk 0:12:15]} 34. Rd1 {[%clk 0:06:14]} Qh3
{[%clk 0:12:10]} 35. Rd3 {[%clk 0:06:17]} Re7 {[%clk 0:08:12]} 36. Ne2
{[%clk 0:06:05]} Rg4 {[%clk 0:06:43]} 37. Rxf6 {[%clk 0:04:00]} gxf6
{[%clk 0:03:58]} 38. Nf4 {[%clk 0:04:23]} Rxf4 {[%clk 0:02:04]} 39. gxf4
{[%clk 0:04:47]} Qf5 {[%clk 0:02:13]} 40. Kd2 {[%clk 0:02:13]} Kh7
{[%clk 0:02:20]} 41. a4 {[%clk 0:23:08]} a5 {[%clk 0:23:16]} 42. c4
{[%clk 0:22:17]} Re4 {[%clk 0:18:32]} 43. Rd4 {[%clk 0:21:48]} Re8
{[%clk 0:18:46]} 44. Qf3 {[%clk 0:20:08]} Kh6 {[%clk 0:12:52]} 45. Qd3
{[%clk 0:15:35]} Qg4 {[%clk 0:12:50]} 46. f5 {[%clk 0:14:14]} Qg1
{[%clk 0:13:04]} 47. Kc2 {[%clk 0:13:30]} Re1 {[%clk 0:09:29]} 48. Qd2+
{[%clk 0:11:58]} Kh7 {[%clk 0:09:39]} 49. Kb3 {[%clk 0:11:01]} Ra1
{[%clk 0:05:07]} 50. Qd3 {[%clk 0:07:22]} b6 {[%clk 0:01:14]} 51. Re4
{[%clk 0:06:01]} Re1 {[%clk 0:00:40]} 52. Qf3 {[%clk 0:04:26]} Rxe4
{[%clk 0:00:57]} 53. Qxe4 {[%clk 0:04:49]} Qd1+ {[%clk 0:00:48]} 54. Ka3
{[%clk 0:03:20]} Qd2 {[%clk 0:00:47]} 55. b3 {[%clk 0:03:02]} Qf2
{[%clk 0:00:39]} 56. Qe7 {[%clk 0:02:43]} Qc5+ {[%clk 0:00:55]} 57. Ka2
{[%clk 0:03:00]} Qf2+ {[%clk 0:00:53]} 58. Ka3 {[%clk 0:03:09]} Qc5+
{[%clk 0:01:08]} 59. Ka2 {[%clk 0:03:33]} Qf2+ {[%clk 0:01:00]} 60. Ka3
{[%clk 0:03:57]} Qc5+ {[%clk 0:00:54]} 1/2-1/2

[Event "1.CLZ 15/16,Unichess-GROP Praha"]
[Site "Praha"]
[Date "2015.11.01"]
[Round "2.8"]
[White "Postupa, Martin"]
[Black "Kuba, Jindrich"]
[Result "1/2-1/2"]
[BlackElo "2278"]
[WhiteElo "2125"]
[LiveChessVersion "1.4.6"]

1. e4 {[%clk 1:30:57]} c5 {[%clk 1:30:53]} 2. Nc3 {[%clk 1:31:22]} Nc6
{[%clk 1:30:04]} 3. g3 {[%clk 1:31:46]} e6 {[%clk 1:29:13]} 4. Bg2
{[%clk 1:31:39]} Nf6 {[%clk 1:29:37]} 5. d3 {[%clk 1:27:37]} Be7 {[%clk 1:29:23]}
6. Nge2 {[%clk 1:27:15]} d5 {[%clk 1:29:18]} 7. exd5 {[%clk 1:25:09]} Nxd5
{[%clk 1:28:02]} 8. Nxd5 {[%clk 1:23:58]} exd5 {[%clk 1:28:29]} 9. Nf4
{[%clk 1:23:05]} d4 {[%clk 1:27:07]} 10. O-O {[%clk 1:22:17]} O-O
{[%clk 1:27:32]} 11. Nd5 {[%clk 1:11:28]} Bd6 {[%clk 1:21:27]} 12. Bf4
{[%clk 1:00:48]} Be6 {[%clk 1:21:00]} 13. Bxd6 {[%clk 0:59:31]} Qxd6
{[%clk 1:21:28]} 14. Nf4 {[%clk 0:59:32]} Rae8 {[%clk 1:04:29]} 15. Qd2
{[%clk 0:54:09]} Bg4 {[%clk 1:02:02]} 16. h3 {[%clk 0:48:42]} Bc8
{[%clk 0:57:46]} 17. Rae1 {[%clk 0:47:26]} b6 {[%clk 0:43:15]} 18. a3
{[%clk 0:34:15]} Re5 {[%clk 0:39:55]} 19. g4 {[%clk 0:19:05]} Bd7
{[%clk 0:33:53]} 20. Nh5 {[%clk 0:17:50]} Rfe8 {[%clk 0:31:49]} 21. Ng3
{[%clk 0:16:41]} Rxe1 {[%clk 0:28:25]} 22. Rxe1 {[%clk 0:16:57]} Rxe1+
{[%clk 0:28:49]} 23. Qxe1 {[%clk 0:17:07]} Qe5 {[%clk 0:29:00]} 24. Qxe5
{[%clk 0:14:04]} Nxe5 {[%clk 0:29:28]} 25. f4 {[%clk 0:13:56]} Ng6
{[%clk 0:29:15]} 26. Ne2 {[%clk 0:14:16]} Ba4 {[%clk 0:28:09]} 27. b3
{[%clk 0:13:47]} Bb5 {[%clk 0:28:21]} 28. Bb7 {[%clk 0:13:04]} a5
{[%clk 0:21:26]} 29. a4 {[%clk 0:12:44]} Bd7 {[%clk 0:21:36]} 30. Kf2
{[%clk 0:12:27]} f5 {[%clk 0:20:47]} 31. Kf3 {[%clk 0:11:04]} Be6
{[%clk 0:17:53]} 32. Kg3 {[%clk 0:06:40]} Ne7 {[%clk 0:17:49]} 33. Kh4
{[%clk 0:03:43]} fxg4 {[%clk 0:12:50]} 34. hxg4 {[%clk 0:04:03]} Bd5
{[%clk 0:13:18]} 35. Ba6 {[%clk 0:02:10]} Bf3 {[%clk 0:13:36]} 36. Ng3
{[%clk 0:01:39]} Bd1 {[%clk 0:07:35]} 37. Bc4+ {[%clk 0:02:01]} Kh8
{[%clk 0:07:51]} 38. Ne4 {[%clk 0:02:02]} Bxc2 {[%clk 0:04:44]} 39. Nd6
{[%clk 0:01:04]} h6 {[%clk 0:04:08]} 40. f5 {[%clk 0:00:44]} Nc6 {[%clk 0:02:36]}
41. Nf7+ {[%clk 0:20:23]} Kh7 {[%clk 0:33:31]} 42. g5 {[%clk 0:20:40]} hxg5+
{[%clk 0:28:23]} 1/2-1/2